[Event "Asian Nations Cup"]
[Site "http://asianchess.com/live/mnations/anco/"]
[Date "2016.04.03"]
[Round "7"]
[Board "1"]
[White "Alrashidi, Yousef"]
[Black "Shrestha, Bilam Lal"]
[Result "0-1"]
[WhiteElo "1631"]
[BlackElo "2026"]
[PlyCount "0"]
[EventDate "2016.03.28"]
[EventType "team"]
[EventRounds "9"]
[EventCountry "UAE"]
[WhiteTeam "Kuwait"]
[BlackTeam "Nepal"]

1. e4 {[%clk 1:26:19]} e5 {[%clk 1:30:37]} 2. Nf3 {[%clk 1:26:33]} Nc6
{[%clk 1:30:59]} 3. Bb5 {[%clk 1:26:42]} d6 {[%clk 1:29:40]} 4. O-O
{[%clk 1:26:34]} Bd7 {[%clk 1:29:58]} 5. Nc3 {[%clk 1:22:13]} Nf6
{[%clk 1:30:10]} 6. d4 {[%clk 1:20:47]} exd4 {[%clk 1:29:37]} 7. Nxd4
{[%clk 1:20:59]} Nxd4 {[%clk 1:29:52]} 8. Bxd7+ {[%clk 1:20:26]} Qxd7
{[%clk 1:30:18]} 9. Qxd4 {[%clk 1:20:38]} Be7 {[%clk 1:30:37]} 10. Re1
{[%clk 1:14:25]} O-O {[%clk 1:30:51]} 11. Qd1 {[%clk 1:04:55]} Rfe8
{[%clk 1:30:48]} 12. Bf4 {[%clk 1:03:50]} Qc6 {[%clk 1:29:01]} 13. Nd5
{[%clk 0:52:13]} Nxd5 {[%clk 1:27:27]} 14. exd5 {[%clk 0:52:30]} Qb5
{[%clk 1:27:42]} 15. b3 {[%clk 0:51:39]} Bf6 {[%clk 1:27:56]} 16. Rb1
{[%clk 0:51:43]} Rxe1+ {[%clk 1:27:47]} 17. Qxe1 {[%clk 0:52:02]} Qxd5
{[%clk 1:27:45]} 18. Qe3 {[%clk 0:49:58]} Qd4 {[%clk 1:25:26]} 19. Qf3
{[%clk 0:47:39]} Re8 {[%clk 1:24:42]} 20. Be3 {[%clk 0:41:30]} Qe4
{[%clk 1:23:48]} 21. Qxe4 {[%clk 0:41:33]} Rxe4 {[%clk 1:24:15]} 22. Rd1
{[%clk 0:40:30]} b6 {[%clk 1:24:10]} 23. Kf1 {[%clk 0:40:19]} Kf8
{[%clk 1:24:32]} 24. Ke2 {[%clk 0:40:25]} Ke7 {[%clk 1:24:29]} 25. f3
{[%clk 0:40:10]} Re6 {[%clk 1:24:38]} 26. f4 {[%clk 0:39:19]} c6 {[%clk 1:24:43]}
27. c4 {[%clk 0:39:02]} g6 {[%clk 1:23:30]} 28. Kf3 {[%clk 0:39:01]} Bg7
{[%clk 1:23:05]} 29. g4 {[%clk 0:39:04]} f5 {[%clk 1:23:05]} 30. g5
{[%clk 0:36:13]} Re4 {[%clk 1:22:30]} 31. h4 {[%clk 0:35:49]} Ke6
{[%clk 1:22:52]} 32. h5 {[%clk 0:28:22]} d5 {[%clk 1:22:30]} 33. cxd5+
{[%clk 0:28:16]} cxd5 {[%clk 1:22:59]} 34. hxg6 {[%clk 0:26:42]} hxg6
{[%clk 1:23:25]} 35. Rc1 {[%clk 0:25:28]} Kd7 {[%clk 1:23:25]} 36. Rh1
{[%clk 0:25:26]} d4 {[%clk 1:23:03]} 37. Bd2 {[%clk 0:25:08]} Kc6
{[%clk 1:16:46]} 38. Re1 {[%clk 0:20:03]} Rxe1 {[%clk 1:16:39]} 39. Bxe1
{[%clk 0:20:31]} Bf8 {[%clk 1:16:51]} 40. Ke2 {[%clk 0:20:16]} Bd6
{[%clk 1:16:32]} 41. Bd2 {[%clk 0:20:30]} Kd5 {[%clk 1:16:48]} 42. Kd3
{[%clk 0:20:23]} Ba3 {[%clk 1:14:34]} 43. Be1 {[%clk 0:15:54]} Bc1
{[%clk 1:12:40]} 44. Bg3 {[%clk 0:12:35]} a5 {[%clk 1:12:16]} 45. Bh2
{[%clk 0:05:19]} b5 {[%clk 1:08:31]} 46. Kc2 {[%clk 0:22:53]} Be3
{[%clk 1:38:23]} 47. Kd3 {[%clk 0:23:19]} Kc5 {[%clk 1:38:31]} 48. a3
{[%clk 0:18:10]} Bc1 {[%clk 1:38:15]} 49. Bg1 {[%clk 0:12:21]} Bxf4
{[%clk 1:37:03]} 50. Bxd4+ {[%clk 0:12:47]} Kd5 {[%clk 1:37:15]} 51. Bf6
{[%clk 0:12:39]} a4 {[%clk 1:37:25]} 52. bxa4 {[%clk 0:11:59]} bxa4
{[%clk 1:37:53]} 53. Bd8 {[%clk 0:08:14]} Bd6 {[%clk 1:37:58]} 54. Kc3
{[%clk 0:06:40]} Bxa3 {[%clk 1:38:16]} 55. Bc7 {[%clk 0:07:07]} Bd6
{[%clk 1:38:26]} 56. Kd4+ Ke5+ 0-1

[Event "Asian Nations Cup"]
[Site "http://asianchess.com/live/mnations/anco/"]
[Date "2016.04.04"]
[Round "8"]
[Board "1"]
[White "Jumabayev, Rinat"]
[Black "Ghaem Maghami, Ehsan"]
[Result "1/2-1/2"]
[WhiteElo "2607"]
[BlackElo "2549"]
[PlyCount "0"]
[EventDate "2016.03.28"]
[EventType "team"]
[EventRounds "9"]
[EventCountry "UAE"]
[WhiteTeam "Kazakhstan"]
[BlackTeam "Iran"]

1. d4 {[%clk 1:30:41]} d5 {[%clk 1:28:33]} 2. c4 {[%clk 1:31:09]} c6
{[%clk 1:28:57]} 3. g3 {[%clk 1:20:46]} Nf6 {[%clk 1:29:07]} 4. Bg2
{[%clk 1:21:08]} e6 {[%clk 1:12:55]} 5. Nf3 {[%clk 1:18:03]} Bb4+
{[%clk 1:13:15]} 6. Nbd2 {[%clk 1:08:34]} dxc4 {[%clk 1:09:25]} 7. O-O
{[%clk 1:08:07]} b5 {[%clk 1:09:40]} 8. b3 {[%clk 1:00:49]} cxb3 {[%clk 1:04:01]}
9. Nxb3 {[%clk 0:59:43]} O-O {[%clk 0:58:42]} 10. Qc2 {[%clk 0:58:02]} a5
{[%clk 0:54:09]} 11. Rd1 {[%clk 0:54:27]} Qb6 {[%clk 0:41:12]} 12. Ne5
{[%clk 0:50:34]} Nd5 {[%clk 0:39:48]} 13. e4 {[%clk 0:50:44]} Ne7
{[%clk 0:36:49]} 14. Be3 {[%clk 0:42:58]} Qc7 {[%clk 0:32:34]} 15. Nd3
{[%clk 0:32:47]} Ba3 {[%clk 0:31:28]} 16. Qc3 {[%clk 0:30:52]} Nd7
{[%clk 0:26:37]} 17. Bf4 {[%clk 0:18:51]} Bd6 {[%clk 0:20:10]} 18. Rac1
{[%clk 0:14:27]} Bxf4 {[%clk 0:18:20]} 19. Nxf4 {[%clk 0:12:54]} a4
{[%clk 0:17:04]} 20. Nc5 {[%clk 0:09:48]} Nxc5 {[%clk 0:16:20]} 21. Qxc5
{[%clk 0:09:48]} Qa7 {[%clk 0:16:31]} 22. Qb4 {[%clk 0:08:49]} Rb8
{[%clk 0:11:08]} 23. h4 {[%clk 0:08:25]} Rd8 {[%clk 0:10:09]} 24. h5
{[%clk 0:06:59]} h6 {[%clk 0:10:31]} 25. Bf3 {[%clk 0:07:21]} Rd7
{[%clk 0:07:34]} 26. Rc5 {[%clk 0:05:09]} Bb7 {[%clk 0:07:14]} 27. Bg4
{[%clk 0:03:59]} Kh8 {[%clk 0:05:02]} 28. Nd3 {[%clk 0:04:06]} Kg8
{[%clk 0:04:42]} 29. Ne5 {[%clk 0:04:28]} Rd6 {[%clk 0:03:43]} 30. Rxb5
{[%clk 0:03:53]} cxb5 {[%clk 0:03:59]} 31. Qxd6 {[%clk 0:04:21]} Bxe4
{[%clk 0:04:20]} 32. Rc1 {[%clk 0:01:46]} Rf8 {[%clk 0:02:59]} 33. Nxf7
{[%clk 0:00:47]} Bd5 {[%clk 0:00:44]} 34. Bxe6 {[%clk 0:00:36]} Bxe6
{[%clk 0:00:54]} 35. Nxh6+ {[%clk 0:00:53]} gxh6 {[%clk 0:01:01]} 36. Qxe6+
{[%clk 0:01:09]} Rf7 {[%clk 0:01:08]} 37. Rc5 {[%clk 0:01:03]} Qa5
{[%clk 0:01:10]} 38. Qg4+ {[%clk 0:00:53]} Kh8 {[%clk 0:01:04]} 39. Qe2
{[%clk 0:01:06]} Qb6 {[%clk 0:01:09]} 40. Qe5+ {[%clk 0:00:35]} Qf6
{[%clk 0:01:14]} 41. Rxb5 {[%clk 0:00:42]} Nc6 {[%clk 0:29:25]} 42. Qxf6+
{[%clk 0:26:01]} Rxf6 {[%clk 0:29:37]} 43. d5 {[%clk 0:23:17]} Nd4
{[%clk 0:20:56]} 44. Rb4 {[%clk 0:17:56]} Ne2+ {[%clk 0:20:27]} 45. Kg2
{[%clk 0:18:25]} Nc3 {[%clk 0:20:46]} 46. Rc4 {[%clk 0:11:31]} Nxa2
{[%clk 0:19:49]} 47. Rxa4 {[%clk 0:11:50]} Nc3 {[%clk 0:20:13]} 48. Ra8+
{[%clk 0:11:53]} Kg7 {[%clk 0:20:32]} 49. Rd8 {[%clk 0:11:32]} Kf7
{[%clk 0:15:27]} 50. d6 {[%clk 0:07:37]} Ke6 {[%clk 0:11:06]} 51. f4
{[%clk 0:06:05]} Nb5 {[%clk 0:07:19]} 52. d7 {[%clk 0:06:08]} Nd6
{[%clk 0:06:34]} 53. Ra8 {[%clk 0:03:02]} Kxd7 {[%clk 0:06:56]} 54. Ra7+
{[%clk 0:03:25]} Ke6 {[%clk 0:06:54]} 55. Kf3 {[%clk 0:03:22]} Rf5
{[%clk 0:04:38]} 56. g4 {[%clk 0:02:55]} Rd5 {[%clk 0:04:59]} 57. Ra3
{[%clk 0:03:09]} Kf6 {[%clk 0:04:54]} 58. Rb3 {[%clk 0:03:20]} Nb5
{[%clk 0:04:59]} 59. Ke3 {[%clk 0:03:28]} Rc5 {[%clk 0:05:13]} 60. Rd3
{[%clk 0:03:51]} Ke6 {[%clk 0:05:15]} 61. Rd8 {[%clk 0:03:44]} Nd6
{[%clk 0:05:20]} 62. Rh8 {[%clk 0:03:48]} Nf7 {[%clk 0:04:11]} 63. Re8+
{[%clk 0:04:11]} Kf6 {[%clk 0:04:18]} 64. Rg8 {[%clk 0:04:32]} Ra5
{[%clk 0:04:06]} 65. Rg6+ {[%clk 0:04:55]} Ke7 {[%clk 0:04:33]} 66. Ke4
{[%clk 0:04:49]} Ra4+ {[%clk 0:04:54]} 67. Kf3 {[%clk 0:05:04]} Rb4
{[%clk 0:05:20]} 68. Kg3 {[%clk 0:05:12]} Rb3+ {[%clk 0:05:48]} 69. Kg2
{[%clk 0:05:24]} Rc3 {[%clk 0:05:33]} 70. Kf2 {[%clk 0:05:48]} Ra3
{[%clk 0:05:58]} 71. Kg2 {[%clk 0:06:11]} Rc3 {[%clk 0:05:08]} 72. Kf2
{[%clk 0:06:36]} Rd3 {[%clk 0:04:10]} 73. Kg2 {[%clk 0:06:55]} Rd8
{[%clk 0:03:05]} 74. Kg3 {[%clk 0:07:14]} Rh8 {[%clk 0:03:31]} 75. Kh4
{[%clk 0:07:09]} Nd6 {[%clk 0:03:09]} 76. Rg7+ {[%clk 0:07:20]} Ke6
{[%clk 0:03:19]} 77. Rg6+ {[%clk 0:07:44]} Ke7 {[%

[Event "Asian Nations Cup"]
[Site "http://asianchess.com/live/mnations/anco/"]
[Date "2016.04.04"]
[Round "8"]
[Board "1"]
[White "Aboudi, Marwan"]
[Black "Murshed, Niaz"]
[Result "1/2-1/2"]
[WhiteElo "2166"]
[BlackElo "2446"]
[PlyCount "0"]
[EventDate "2016.03.28"]
[EventType "team"]
[EventRounds "9"]
[EventCountry "UAE"]
[WhiteTeam "Jordan"]
[BlackTeam "Bangladesh"]

1. d4 {[%clk 1:30:56]} Nf6 {[%clk 1:30:42]} 2. Nf3 {[%clk 1:31:15]} e6
{[%clk 1:29:31]} 3. Bf4 {[%clk 1:30:40]} b6 {[%clk 1:26:51]} 4. e3
{[%clk 1:30:00]} Bb7 {[%clk 1:26:40]} 5. Bd3 {[%clk 1:29:47]} h6 {[%clk 1:23:57]}
6. h3 {[%clk 1:25:24]} g6 {[%clk 1:20:50]} 7. O-O {[%clk 1:25:19]} Bg7
{[%clk 1:21:12]} 8. Nbd2 {[%clk 1:24:11]} d6 {[%clk 1:13:49]} 9. c3
{[%clk 1:16:44]} Nbd7 {[%clk 1:13:30]} 10. e4 {[%clk 1:15:25]} O-O
{[%clk 1:05:26]} 11. Qe2 {[%clk 1:09:58]} Nh5 {[%clk 0:55:15]} 12. Bh2
{[%clk 1:05:56]} e5 {[%clk 0:48:59]} 13. Ba6 {[%clk 1:02:13]} Qc8
{[%clk 0:47:25]} 14. Bxb7 {[%clk 0:59:49]} Qxb7 {[%clk 0:47:51]} 15. dxe5
{[%clk 0:56:51]} Nxe5 {[%clk 0:44:12]} 16. g4 {[%clk 0:53:31]} Nxf3+
{[%clk 0:40:54]} 17. Qxf3 {[%clk 0:53:18]} Nf6 {[%clk 0:41:20]} 18. e5
{[%clk 0:53:13]} Qxf3 {[%clk 0:41:45]} 19. Nxf3 {[%clk 0:53:33]} dxe5
{[%clk 0:42:11]} 20. Bxe5 {[%clk 0:53:07]} Nd5 {[%clk 0:42:05]} 21. Bg3
{[%clk 0:47:27]} Rfe8 {[%clk 0:34:43]} 22. Rfe1 {[%clk 0:46:34]} b5
{[%clk 0:33:51]} 23. Rad1 {[%clk 0:35:37]} c6 {[%clk 0:33:24]} 24. Kf1
{[%clk 0:27:18]} Rxe1+ {[%clk 0:30:49]} 25. Kxe1 {[%clk 0:25:55]} a5
{[%clk 0:20:52]} 26. Nd4 {[%clk 0:23:26]} Re8+ {[%clk 0:19:44]} 27. Kf1
{[%clk 0:22:58]} Bxd4 {[%clk 0:14:04]} 28. Rxd4 {[%clk 0:22:34]} Nf6
{[%clk 0:13:46]} 29. Rd6 {[%clk 0:16:51]} Re6 {[%clk 0:14:03]} 30. Rxe6
{[%clk 0:16:41]} fxe6 {[%clk 0:14:21]} 31. a4 {[%clk 0:13:20]} bxa4
{[%clk 0:12:23]} 32. Ke2 {[%clk 0:12:11]} Ne4 {[%clk 0:10:46]} 33. Bc7
{[%clk 0:10:12]} a3 {[%clk 0:10:15]} 34. bxa3 {[%clk 0:10:30]} Nxc3+
{[%clk 0:10:37]} 35. Kd3 {[%clk 0:09:55]} Nb5 {[%clk 0:11:02]} 36. Bxa5
{[%clk 0:10:14]} Nxa3 {[%clk 0:11:23]} 37. Kd4 {[%clk 0:10:15]} Kf7
{[%clk 0:05:57]} 38. Kc5 {[%clk 0:09:58]} e5 {[%clk 0:05:35]} 39. Bd2
{[%clk 0:05:55]} h5 {[%clk 0:03:47]} 40. f4 {[%clk 0:01:10]} hxg4
{[%clk 0:03:06]} 41. hxg4 {[%clk 0:01:35]} Ke6 {[%clk 0:02:54]} 42. Kxc6
{[%clk 0:30:57]} Nc4 {[%clk 0:32:19]} 43. f5+ {[%clk 0:27:36]} gxf5
{[%clk 0:32:44]} 44. gxf5+ {[%clk 0:28:00]} Kxf5 {[%clk 0:33:07]} 45. Bc3
{[%clk 0:28:17]} e4 {[%clk 0:33:31]} 46. Kc5 {[%clk 0:26:07]} Na3
{[%clk 0:33:29]} 47. Bd2 {[%clk 0:22:24]} Kg4 {[%clk 0:33:49]} 48. Kd5
{[%clk 0:21:33]} Kf3 {[%clk 0:34:12]} 49. Bh6 {[%clk 0:21:47]} Nc2
{[%clk 0:32:45]} 50. Ke5 {[%clk 0:20:59]} Ne3 {[%clk 0:33:08]} 51. Bg5
{[%clk 0:21:07]} Ng2 {[%clk 0:33:14]} 52. Kf5 {[%clk 0:21:14]} Ne1
{[%clk 0:33:29]} 53. Ke5 {[%clk 0:21:22]} Nd3+ {[%clk 0:33:51]} 54. Kf5
{[%clk 0:21:44]} e3 {[%clk 0:34:35]} 55. Ke4+ {[%clk 0:21:11]} 1/2-1/2

[Event "Asian Nations Cup"]
[Site "http://asianchess.com/live/mnations/anco/"]
[Date "2016.04.04"]
[Round "8"]
[Board "3"]
[White "Taalaibekov, Tagir"]
[Black "Khouri, Ahmed Abbas"]
[Result "1/2-1/2"]
[WhiteElo "2150"]
[BlackElo "2062"]
[PlyCount "0"]
[EventDate "2016.03.28"]
[EventType "team"]
[EventRounds "9"]
[EventCountry "UAE"]
[WhiteTeam "Kyrgyzstan"]
[BlackTeam "UAE 1"]

1. d4 {[%clk 1:26:12]} Nf6 {[%clk 1:30:50]} 2. Nf3 {[%clk 1:26:37]} g6
{[%clk 1:31:12]} 3. c4 {[%clk 1:26:36]} Bg7 {[%clk 1:31:10]} 4. g3
{[%clk 1:26:43]} O-O {[%clk 1:31:07]} 5. Bg2 {[%clk 1:27:09]} d6 {[%clk 1:29:51]}
6. Nc3 {[%clk 1:27:01]} Nc6 {[%clk 1:29:47]} 7. O-O {[%clk 1:26:39]} a6
{[%clk 1:29:55]} 8. h3 {[%clk 1:26:37]} Rb8 {[%clk 1:29:55]} 9. e4
{[%clk 1:24:39]} b5 10. d5 {[%clk 1:13:13]} b4 {[%clk 1:25:54]} 11. Ne2
{[%clk 1:11:40]} Na5 {[%clk 1:23:36]} 12. Nfd4 {[%clk 1:09:36]} Bd7
{[%clk 1:17:35]} 13. b3 {[%clk 1:08:53]} c5 {[%clk 1:16:52]} 14. dxc6
{[%clk 1:08:46]} Nxc6 {[%clk 1:17:12]} 15. Bb2 {[%clk 1:06:23]} Qc8
{[%clk 1:10:22]} 16. Kh2 {[%clk 1:05:20]} Ne8 {[%clk 1:07:35]} 17. Nxc6
{[%clk 0:52:01]} Bxc6 {[%clk 1:07:28]} 18. Nd4 {[%clk 0:52:25]} Ba8
{[%clk 1:07:15]} 19. Qe2 {[%clk 0:51:17]} Nc7 {[%clk 1:05:04]} 20. Rad1
{[%clk 0:49:55]} Ne6 {[%clk 1:04:43]} 21. Nxe6 {[%clk 0:43:16]} Qxe6
{[%clk 1:05:01]} 22. Bc1 {[%clk 0:43:28]} a5 {[%clk 0:57:01]} 23. f4
{[%clk 0:41:58]} Bc6 {[%clk 0:44:04]} 24. Qd3 {[%clk 0:40:41]} a4
{[%clk 0:42:11]} 25. Bd2 {[%clk 0:31:50]} axb3 {[%clk 0:35:03]} 26. axb3
{[%clk 0:31:50]} Qc8 {[%clk 0:34:14]} 27. f5 {[%clk 0:30:15]} Qb7
{[%clk 0:32:28]} 28. Bg5 {[%clk 0:28:46]} Rfe8 {[%clk 0:29:45]} 29. Rde1
{[%clk 0:28:10]} Ra8 {[%clk 0:27:26]} 30. Re2 {[%clk 0:28:06]} gxf5
{[%clk 0:26:30]} 31. exf5 {[%clk 0:26:57]} Bxg2 {[%clk 0:26:25]} 32. Rxg2
{[%clk 0:27:16]} Ra5 {[%clk 0:25:08]} 33. h4 {[%clk 0:26:55]} Rea8
{[%clk 0:20:50]} 34. Qf3 {[%clk 0:20:48]} Qxf3 {[%clk 0:19:29]} 35. Rxf3
{[%clk 0:21:17]} Kf8 {[%clk 0:19:21]} 36. Re2 {[%clk 0:20:52]} Be5
{[%clk 0:18:23]} 37. f6 {[%clk 0:15:00]} Bxf6 {[%clk 0:05:06]} 38. Bxf6
{[%clk 0:14:08]} exf6 {[%clk 0:05:34]} 39. Rxf6 {[%clk 0:13:33]} Ra2
{[%clk 0:05:57]} 40. Rff2 {[%clk 0:14:00]} Rxe2 {[%clk 0:06:14]} 41. Rxe2
{[%clk 0:14:29]} Ra1 {[%clk 0:06:11]} 42. Kg2 {[%clk 0:13:13]} Rc1
{[%clk 0:06:28]} 43. Kf3 {[%clk 0:12:03]} f6 {[%clk 0:02:42]} 44. Ke4
{[%clk 0:09:35]} Ke7 {[%clk 0:01:06]} 45. Kd3+ {[%clk 0:05:23]} Kd7
{[%clk 0:29:22]} 46. Re3 {[%clk 0:36:31]} Rf1 {[%clk 0:25:52]} 47. Kd4
{[%clk 0:34:41]} Rd1+ {[%clk 0:25:15]} 48. Rd3 {[%clk 0:33:42]} Rc1
{[%clk 0:25:01]} 49. Ke3 {[%clk 0:34:09]} Ke6 {[%clk 0:24:46]} 50. Kd4
{[%clk 0:30:51]} Kd7 {[%clk 0:24:30]} 51. Re3 {[%clk 0:29:10]} Rd1+
{[%clk 0:17:51]} 52. Ke4 {[%clk 0:29:26]} Ke6 {[%clk 0:17:28]} 53. Kf4+
{[%clk 0:29:39]} Kf7 {[%clk 0:16:34]} 54. Rf3 {[%clk 0:28:27]} Ke6
{[%clk 0:12:05]} 55. Re3+ {[%clk 0:28:25]} Kf7 {[%clk 0:12:27]} 56. g4
{[%clk 0:27:03]} Rh1 {[%clk 0:08:08]} 57. h5 {[%clk 0:26:44]} Rc1
{[%clk 0:06:59]} 58. Rf3 {[%clk 0:26:50]} Ke6 {[%clk 0:07:00]} 59. Re3+
{[%clk 0:24:05]} Kf7 {[%clk 0:07:28]} 60. Rf3 {[%clk 0:21:29]} Ke6
{[%clk 0:07:51]} 61. Re3+ {[%clk 0:12:41]} Kf7 {[%clk 0:08:13]} 62. Rg3
{[%clk 0:12:31]} Ke6 {[%clk 0:07:41]} 63. Re3+ {[%clk 0:10:43]} Kf7
{[%clk 0:08:09]} 64. Ke4 {[%clk 0:10:57]} Ke6 {[%clk 0:06:53]} 65. Kd4+
{[%clk 0:11:23]} Kd7 {[%clk 0:07:07]} 66. Ke4 {[%clk 0:08:27]} Ke6
{[%clk 0:07:23]} 67. Kf4+ {[%clk 0:08:51]} Kf7 {[%clk 0:07:13]} 68. Re2
{[%clk 0:06:45]} Rf1+ {[%clk 0:05:52]} 69. Ke4 {[%clk 0:06:00]} Ke6
{[%clk 0:05:26]} 70. Kd4+ {[%clk 0:06:29]} Kd7 {[%clk 0:05:27]} 71. c5
{[%clk 0:03:12]} Rf4+ {[%clk 0:05:17]} 72. Kd5 {[%clk 0:03:16]} dxc5
{[%clk 0:05:32]} 73. Rg2 {[%clk 0:02:58]} Rf3 {[%clk 0:05:29]} 74. Kxc5
{[%clk 0:02:19]} Rxb3 {[%clk 0:05:44]} 75. g5 {[%clk 0:01:49]} Rh3
{[%clk 0:05:15]} 76. gxf6 {[%clk 0:00:37]} Rxh5+ {[%clk 0:05:38]} 77. Kxb4
{[%clk 0:00:37]} Ke6 {[%clk 0:05:56]}

[Event "Asian Nations Cup"]
[Site "http://asianchess.com/live/mnations/anco/"]
[Date "2016.04.04"]
[Round "8"]
[Board "2"]
[White "Dawabsha, Taha"]
[Black "Shrestha, Rajendra Prasad"]
[Result "0-1"]
[WhiteElo "1912"]
[BlackElo "1922"]
[PlyCount "0"]
[EventDate "2016.03.28"]
[EventType "team"]
[EventRounds "9"]
[EventCountry "UAE"]
[WhiteTeam "Palestine"]
[BlackTeam "Nepal"]

1. c4 {[%clk 1:30:08]} e6 {[%clk 1:30:47]} 2. Nf3 {[%clk 1:30:02]} Nf6
{[%clk 1:30:54]} 3. g3 {[%clk 1:29:31]} d5 {[%clk 1:31:14]} 4. cxd5
{[%clk 1:29:45]} exd5 {[%clk 1:31:41]} 5. Bg2 {[%clk 1:29:48]} Be7
{[%clk 1:31:57]} 6. O-O {[%clk 1:29:52]} O-O {[%clk 1:32:18]} 7. Qb3
{[%clk 1:28:36]} b6 {[%clk 1:31:58]} 8. Nc3 {[%clk 1:28:05]} Bb7 {[%clk 1:32:14]}
9. d3 {[%clk 1:27:00]} c5 {[%clk 1:31:43]} 10. Bg5 {[%clk 1:26:19]} Nbd7
{[%clk 1:30:09]} 11. Rfd1 {[%clk 1:22:48]} d4 {[%clk 1:30:21]} 12. Nb5
{[%clk 1:22:41]} a6 {[%clk 1:29:07]} 13. Na3 {[%clk 1:22:27]} h6 {[%clk 1:28:57]}
14. Bd2 {[%clk 1:21:37]} Bd5 {[%clk 1:28:46]} 15. Qc2 {[%clk 1:21:18]} Rc8
{[%clk 1:28:57]} 16. e3 {[%clk 1:18:18]} dxe3 {[%clk 1:27:49]} 17. fxe3
{[%clk 1:17:55]} b5 {[%clk 1:27:48]} 18. b3 {[%clk 1:15:55]} c4 {[%clk 1:27:42]}
19. b4 {[%clk 0:50:51]} c3 {[%clk 1:27:25]} 20. Be1 {[%clk 0:41:28]} Bxb4
{[%clk 1:27:34]} 21. Nb1 {[%clk 0:39:28]} Ng4 {[%clk 1:26:48]} 22. Bf2
{[%clk 0:38:57]} Nxf2 {[%clk 1:22:56]} 23. Kxf2 {[%clk 0:39:13]} Qf6
{[%clk 1:22:47]} 24. e4 {[%clk 0:37:33]} Be6 {[%clk 1:22:48]} 25. a3
{[%clk 0:36:57]} Ba5 {[%clk 1:22:44]} 26. d4 {[%clk 0:33:49]} Bg4
{[%clk 1:20:52]} 27. Rd3 {[%clk 0:33:21]} Rc4 {[%clk 1:20:14]} 28. a4
{[%clk 0:26:07]} b4 {[%clk 1:20:13]} 29. Nbd2 {[%clk 0:26:34]} Rc7
{[%clk 1:19:39]} 30. Nb3 {[%clk 0:25:58]} Bb6 {[%clk 1:20:00]} 31. a5
{[%clk 0:26:19]} Ba7 {[%clk 1:20:09]} 32. Kg1 {[%clk 0:20:46]} Bxf3
{[%clk 1:18:03]} 33. Bxf3 {[%clk 0:20:35]} Ne5 {[%clk 1:18:21]} 34. Rf1
{[%clk 0:20:20]} Nxd3 {[%clk 1:18:26]} 35. Qxd3 {[%clk 0:20:14]} Rd8
{[%clk 1:18:32]} 36. Kg2 {[%clk 0:18:01]} Bxd4 {[%clk 1:17:46]} 37. Bh5
{[%clk 0:17:45]} Qd6 {[%clk 1:17:16]} 38. Qf3 {[%clk 0:06:32]} Bf6
{[%clk 1:17:10]} 39. Qg4 {[%clk 0:04:19]} c2 {[%clk 1:14:29]} 40. Qf3
{[%clk 0:01:24]} Rc3 {[%clk 1:14:39]} 41. e5 {[%clk 0:01:23]} Qxe5
{[%clk 1:14:41]} 42. Qb7 {[%clk 0:00:57]} Qxh5 {[%clk 1:14:39]} 43. Qxb4
{[%clk 0:30:40]} Qd5+ {[%clk 1:45:23]} 44. Kh3 {[%clk 0:30:33]} Qxb3
{[%clk 1:45:26]} 45. Qf4 {[%clk 0:00:36]} Bg5 {[%clk 1:45:08]} 46. Qe4
{[%clk 0:00:34]} Qe6+ {[%clk 1:45:15]} 47. Qxe6 {[%clk 0:00:36]} fxe6
{[%clk 1:45:38]} 48. Re1 {[%clk 0:00:34]} c1=Q {[%clk 1:45:53]} 49. Re4
{[%clk 0:00:45]} Qf1+ {[%clk 1:46:06]} 50. Kg4 {[%clk 0:01:11]} Qf5+
{[%clk 1:46:24]} 0-1

[Event "Asian Nations Cup"]
[Site "http://asianchess.com/live/mnations/anco/"]
[Date "2016.04.05"]
[Round "9"]
[Board "2"]
[White "Batchuluun, Tsegmed"]
[Black "Ismagambetov, Anuar"]
[Result "1/2-1/2"]
[WhiteElo "2460"]
[BlackElo "2559"]
[PlyCount "0"]
[EventDate "2016.03.28"]
[EventType "team"]
[EventRounds "9"]
[EventCountry "UAE"]
[WhiteTeam "Mongolia"]
[BlackTeam "Kazakhstan"]

1. d4 {[%clk 1:30:47]} Nf6 {[%clk 1:30:30]} 2. c4 {[%clk 1:31:09]} e6
{[%clk 1:30:48]} 3. Nf3 {[%clk 1:31:10]} Bb4+ {[%clk 1:28:45]} 4. Bd2
{[%clk 1:30:38]} Qe7 {[%clk 1:28:42]} 5. g3 {[%clk 1:28:25]} Bxd2+
{[%clk 1:28:20]} 6. Qxd2 {[%clk 1:28:20]} Nc6 {[%clk 1:27:43]} 7. Nc3
{[%clk 1:28:18]} d5 {[%clk 1:28:03]} 8. Bg2 {[%clk 1:24:08]} dxc4
{[%clk 1:22:35]} 9. e3 {[%clk 1:11:49]} O-O {[%clk 1:20:30]} 10. Qe2
{[%clk 1:11:35]} Na5 {[%clk 1:08:55]} 11. Ne5 {[%clk 1:09:48]} c5
{[%clk 1:06:11]} 12. Nxc4 {[%clk 1:04:58]} cxd4 {[%clk 1:05:49]} 13. exd4
{[%clk 1:04:50]} Nxc4 {[%clk 1:04:55]} 14. Qxc4 {[%clk 1:05:10]} Bd7
{[%clk 1:04:16]} 15. O-O {[%clk 1:04:59]} Rac8 {[%clk 1:03:01]} 16. Qe2
{[%clk 1:04:02]} Qb4 {[%clk 1:01:14]} 17. Rfd1 {[%clk 1:03:18]} Bc6
{[%clk 1:00:51]} 18. Bxc6 {[%clk 1:00:21]} Rxc6 {[%clk 0:59:38]} 19. d5
{[%clk 1:00:28]} exd5 {[%clk 0:59:50]} 20. Nxd5 {[%clk 1:00:33]} Nxd5
{[%clk 1:00:10]} 21. Rxd5 {[%clk 1:00:56]} Re6 {[%clk 0:59:03]} 22. Qd2
{[%clk 0:59:44]} Qxd2 {[%clk 0:58:48]} 23. Rxd2 {[%clk 1:00:09]} Rfe8
{[%clk 0:57:58]} 24. Rd7 {[%clk 1:00:18]} R6e7 {[%clk 0:57:17]} 25. Rad1
{[%clk 1:00:30]} g6 {[%clk 0:56:13]} 26. Kg2 {[%clk 1:00:31]} Kf8
{[%clk 0:56:01]} 27. Kf3 {[%clk 1:00:17]} Rc8 {[%clk 0:55:36]} 28. Rd8+
{[%clk 0:57:50]} Rxd8 {[%clk 0:55:53]} 29. Rxd8+ {[%clk 0:58:11]} Kg7
{[%clk 0:56:19]} 30. h4 {[%clk 0:56:17]} h5 {[%clk 0:56:29]} 31. Ke4 1/2-1/2